00895nam a22003257a 450000500170000000800410001702000180005804100080007608200180008410000270010224500400012925000160016926000150018526000100020026000090021030000180021949000130023749000250025049000180027549000380029365000230033165000220035465000270037665000300040365000270043365000320046065000230049265000300051565000240054520251114175147.0180503b2015 xxu||||| |||| 00| 0 spa d a9789968481731 aESP a515.43 B268c2 aBarrantes Campos, Hugo aCálculo integral en una variable  a2 edición aCosta Rica bEUNED c2015 a330 páginas aBig Data aGestión de Calidad aElectrónica aTecnologías de la Información aCÁLCULO INTEGRAL aINTEGRAL DEFINIDA aINTEGRALES INDEFINIDAS aFUNCIÓN LOGAROMETRICAS  aFUNCIÓN EXPONENCIAL  0aTÉCNICAS DE INTEGRACIÓN aCALCULO DE ÁREAS aCÁLCULO DE VOLÚMENES  aCOORDENADAS POLARES